| 000 | 00662cam a22001811i 4500 | ||
|---|---|---|---|
| 082 |
_a624.151 _bCED |
||
| 100 | 1 |
_aCedergren, Harry R. _942435 |
|
| 245 | 1 | 0 |
_aSoil engineering and asphalt pavement design / _cby Harry R. Cedergren [and] W.R. Lovering. |
| 260 |
_aBerkeley : _bUniversity of California, _c1968. |
||
| 300 |
_avi, 156 p. : _bill. ; _c28 cm. |
||
| 490 | 0 | _aUniversity of California. Institute of Transportation and Traffic Engineering. Course notes | |
| 526 |
_a0 _b0 _c0 _d624_151000000000000_CED |
||
| 650 | 0 |
_aMCE _9379 |
|
| 650 | 0 |
_aPavements, Asphalt. _921213 |
|
| 650 | 0 | _aSoil mechanics. | |
| 700 | 1 |
_aLovering, W. R. _942436 |
|
| 942 |
_2ddc _cBK |
||
| 999 |
_c546325 _d546325 |
||